[Event "EGY-ch (Women)"]
[Site "Giza"]
[Date "2022.09.10"]
[Round "2"]
[White "Rashed, Laila"]
[Black "Ahmed Fathy, Nour"]
[Result "1-0"]
[WhiteElo "1588"]
[BlackElo "1273"]
[PlyCount "79"]
[EventDate "2022.09.10"]
[EventType "swiss"]
[EventRounds "9"]
[EventCountry "EGY"]
[SourceTitle "EXT 2023"]
[Source "ChessBase"]
[SourceDate "2022.10.05"]
[SourceVersion "1"]
[SourceVersionDate "2022.10.05"]
[SourceQuality "1"]

1. e4 e5 2. Nf3 Nc6 3. d4 exd4 4. Nxd4 Qe7 5. Nc3 Nf6 6. Nxc6 bxc6 7. Bd3 d5 8. 0-0 dxe4 9. Nxe4 Nxe4 10. Bxe4 Qf6 11. Bg5 Qxg5 12. Bxc6+ Ke7 13. Bxa8 h5 14. Re1+ Be6 15. Qd3 h4 16. Rad1 Kf6 17. Qd8+ Kg6 18. Be4+ Kh5 19. Qxg5+ Kxg5 20. Bd5 Bf5 21. Bxf7 Bxc2 22. Rc1 Bf5 23. Rxc7 h3 24. g3 Kg4 25. Be6 Bxe6 26. Rxe6 a5 27. Re8 Bd6 28. Rc4+ Kf3 29. Rxh8 Bb4 30. Rf4+ Ke2 31. Re8+ Kd3 32. a3 Bd2 33. Rf7 g5 34. Rd7+ Kc2 35. Rc8+ Kd1 36. Rcd8 Kc1 37. Rxd2 Kb1 38. b3 g4 39. Re8 a4 40. Re1# 1-0